[Event "Belgrade GMA op"]
[Site "Belgrade"]
[Date "1988.??.??"]
[Round "?"]
[White "Kudrin, Sergey"]
[Black "Bagirov, Vladimir"]
[Result "1/2-1/2"]
[WhiteElo "2545"]
[BlackElo "2465"]
[Annotator "Bagirov,V"]
[PlyCount "85"]
[EventDate "1988.12.??"]
[EventType "swiss"]
[EventRounds "9"]
[EventCountry "YUG"]
[SourceTitle "TD"]
[Source "ChessBase"]
[SourceDate "1994.03.01"]
[SourceVersion "1"]
[SourceVersionDate "1994.03.01"]
[SourceQuality "1"]

1. e4 Nf6 2. e5 Nd5 3. d4 d6 4. Nf3 Bg4 5. Be2 e6 6. O-O Be7 7. h3 Bh5 8. c4
Nb6 9. exd6 (9. Nc3) 9... cxd6 10. Nbd2 Nc6 11. b3 O-O 12. Bb2 Bg6 (12... Qb8
$5 13. Bc3 a5 14. a3 Rc8 15. Rc1 (15. b4 $2 Na4 $1 16. Qxa4 axb4 $17) 15... Bg6
16. Re1 Bf6 $13) 13. a3 a5 (13... Bf6 $6 14. b4 e5 15. d5 Nd4 16. Nxd4 exd4 17.
Qb3 $1 $16) 14. Re1 Bf6 15. Rc1 (15. Nf1) 15... d5 16. c5 Nd7 (16... Nc8) 17.
Bc3 b6 18. b4 (18. Bb5 Na7 (18... Ndb8 19. b4 axb4 20. axb4 bxc5 21. bxc5 Qc7
$10) 19. a4 $5 (19. Bxd7 Qxd7 20. cxb6 Nb5 21. Bb2 Qb7 {/\ Qb6}) 19... bxc5 20.
dxc5 Bxc3 21. Rxc3 Qc7 $13) 18... axb4 19. axb4 bxc5 20. bxc5 Qc7 $10 (20...
Ra3 $5 21. Nf1 Qa8 $1 22. Ne3 Rb8 23. Ng4 Bd8 $15 24. Bd3 $2 Bxd3 25. Qxd3 Nb4
$1) 21. Nf1 Rfb8 22. Ne3 Qb7 23. Ng4 Bd8 24. Bd3 Qb3 25. Bxg6 hxg6 26. Qd2 (26.
Qxb3 $2 Rxb3 $17) 26... Nf6 (26... Bc7 $1) 27. Nxf6+ (27. Nfe5 $1 Nxe5 28. Nxe5
Ne4 29. Qf4 Bf6 30. Ba1 $13) 27... gxf6 $1 (27... Bxf6 28. Qf4 Qb7 $10) 28. Ra1
(28. Qh6 Qb7 $1 {/\ Qe7-f8=/+}) 28... Bc7 29. g3 Rxa1 30. Rxa1 Qc4 $15 31. Nh2
f5 32. Nf3 Bd8 (32... Rb3 33. Rc1 (33. Qh6 $2 Qxc3 34. Ra8+ Rb8 35. Ng5 Nd8))
33. Rc1 Bf6 34. Qf4 (34. Ba5 $2 Qb3 $1 35. Rc3 Qb1+ 36. Rc1 Qe4 $1 $19) 34...
Qd3 35. Qe3 $1 (35. Qd6 $2 Qxf3 36. Qxc6 Bg5 $1 $19) 35... Qb5 (35... Qxe3 $10)
36. h4 $1 Ra8 37. h5 gxh5 (37... Kg7 $2 38. hxg6 Kxg6 39. Bd2 $1 Rh8 40. Kg2
$14) 38. Qh6 Qe2 39. Qxf6 (39. Qxh5 Ra2 $1 $17) 39... Qxf3 40. Qg5+ Kf8 (40...
Kh7 41. Bd2 $1 Nxd4 42. Qh6+ Kg8 43. Qg5+ Kf8 44. Qh6+ Kg8 $10) 41. Qh6+ Kg8 (
41... Ke7 42. Qg5+ Kd7 43. Qf6 $1 $16) 42. Qg5+ Kf8 43. Qh6+ 1/2-1/2

[Event "Olympiad-32"]
[Site "Yerevan"]
[Date "1996.09.24"]
[Round "8.1"]
[White "Bologan, Viktor"]
[Black "Agdestein, Simen"]
[Result "1-0"]
[WhiteElo "2600"]
[BlackElo "2600"]
[Annotator "Belov,I"]
[PlyCount "81"]
[EventDate "1996.09.15"]
[EventType "team-swiss"]
[EventRounds "14"]
[EventCountry "ARM"]
[SourceTitle "CBM 055"]
[Source "ChessBase"]
[SourceDate "1996.12.01"]
[SourceVersion "1"]
[SourceVersionDate "1996.12.01"]
[SourceQuality "1"]
[WhiteTeam "Moldova"]
[BlackTeam "Norway"]
[WhiteTeamCountry "MDA"]
[BlackTeamCountry "NOR"]

1. e4 Nf6 2. e5 Nd5 3. d4 d6 4. Nf3 Bg4 5. Be2 e6 6. h3 Bh5 7. c4 Nb6 8. exd6
cxd6 9. Nc3 (9. O-O) (9. Qb3 Bxf3 (9... Nc6 10. Be3 Be7 11. Nbd2 O-O 12. a4 $14
) (9... Be7 $4 10. Qb5+ $18) 10. Bxf3 Nc6 11. Be3 Be7 12. c5 (12. d5 $142)
12... dxc5 13. dxc5 Nd5 14. Qxb7 Qc8 $1 15. Qxc8+ Rxc8 $44 {Tarjan,J-Alburt,L/
USA-ch/1983/0:1/56/}) 9... Be7 10. d5 e5 11. g4 $5 (11. O-O O-O 12. Be3 f5 $132
) 11... Bg6 12. h4 h6 13. Bd3 Qc8 (13... Bxd3 14. Qxd3 N8d7 15. Be3 Qc7 16. b3
Nc5 17. Qd2 $36) 14. Bxg6 fxg6 15. Nd2 $8 O-O (15... Nxc4 $2 16. Qa4+ $18) 16.
b3 Rf4 17. g5 hxg5 $6 (17... h5 $5 18. Nde4 Rf8 19. Be3 Na6 20. Qd2 Qf5 $14)
18. hxg5 Qf5 (18... Bxg5 $2 19. Nde4 $18) 19. Qe2 Na6 20. Nde4 Rf3 21. Be3 $16
Nd7 22. O-O-O Ndc5 23. Rh4 $1 Rh3 (23... Nxe4 24. Nxe4 Nc5 25. Bxc5 dxc5 (25...
Bxg5+ 26. Nxg5 Qxg5+ 27. Be3 Qxh4 28. Qxf3 $18) 26. Rg1 $16) 24. Ng3 Qd7 25.
Rxh3 Qxh3 26. Qc2 Kf7 $8 27. a3 $1 Qg4 28. b4 Bxg5 (28... Nd7 29. Nge4 Rc8 30.
Qb3 $16) 29. Bxg5 (29. bxc5 Bxe3+ 30. fxe3 Qxg3 31. cxd6 Qxe3+ 32. Kb1 Nc5 $132
) 29... Qxg5+ 30. Kb2 Nd7 31. Nge4 Qh4 (31... Qe7 32. c5 dxc5 33. d6 Qh4 34.
Qb3+ Kf8 35. b5 Nab8 36. Qe6 $18) 32. Nxd6+ Kg8 33. f3 (33. Rd2 Qf4) 33... Qf6
34. c5 $18 Qxf3 (34... Nf8 35. Qe2 Nc7 36. Nde4 Qf7 37. d6 Nce6 38. Nd5 $18)
35. Qxg6 Qf2+ 36. Kb1 Nf8 37. Qh5 Qg2 38. Nce4 Ng6 (38... Qg6 $5 39. Qxe5 Nc7
40. Ka1 Ne8 41. Nc4 $18) 39. Ng5 Qg3 40. Qh7+ Kf8 41. Ne6+ 1-0

[Event "Brno"]
[Site "Brno"]
[Date "1993.??.??"]
[Round "4"]
[White "Leko, Peter"]
[Black "Blatny, Pavel"]
[Result "0-1"]
[WhiteElo "2555"]
[BlackElo "2510"]
[Annotator "Blatny,P"]
[PlyCount "86"]
[EventDate "1993.08.??"]
[EventType "tourn"]
[EventRounds "9"]
[EventCountry "CZE"]
[EventCategory "13"]
[SourceTitle "CBM 037"]
[Source "ChessBase"]
[SourceDate "1993.12.01"]
[SourceVersion "1"]
[SourceVersionDate "1993.12.01"]
[SourceQuality "1"]

1. e4 Nf6 2. e5 Nd5 3. d4 d6 4. Nf3 Bg4 (4... g6 5. Bc4 c6 6. Nc3 $5 Nxc3 7.
bxc3 Bg7 8. Qe2 O-O 9. O-O Bg4 10. Re1 d5 $6 (10... dxe5 $142 11. dxe5 Qa5 $36)
11. Bd3 Nd7 12. h3 Bxf3 13. Qxf3 e6 14. a4 Rc8 (14... Re8 $5 {/\c5,Rc8,Bf8})
15. Ba3 Re8 (15... c5 16. Bb5 $1) 16. Reb1 $16 {Frolov-Gluckman/Biel izt/1993/}
) 5. Be2 e6 6. O-O Be7 7. c4 Nb6 8. Nc3 O-O 9. Be3 d5 (9... a6 10. b3 d5 11. c5
N6d7 12. Nd2 Bf5 13. f4 f6 14. Nf3 fxe5 15. fxe5 Nc6 16. Bd3 (16. a3 $5 b6 17.
b4 $36 {<<}) 16... b6 17. cxb6 Nxb6 (17... cxb6 $5 18. Rc1 $140 (18. Ne2 $10)
18... Ba3 $1 19. Bg5 Qe8 $17) 18. Ne2 Bxd3 19. Qxd3 Nb4 20. Qd2 a5 $10 {
Spasov-Ehlvest/Biel izt/1993/}) 10. c5 Bxf3 11. gxf3 Nc8 12. f4 g6 $6 (12...
Nc6 13. f5 exf5 14. Bf3 $40 {><d5}) 13. Kh1 (13. Bd3 $5 Bh4 14. Qg4 $40) 13...
Kh8 14. Rg1 Bh4 15. Rg4 $6 (15. Bd3 $142 {/\Qg4,Rg2,Ne2-g1-f3 ->}) 15... Nc6
16. Qg1 $2 (16. Bd3) 16... Rg8 $1 17. Qd1 f5 18. Rg2 (18. exf6 $2 Bxf6 {
/\N8e7-f5-/+}) 18... N8e7 19. a3 Rg7 20. Nb1 Qg8 $1 {<->g} 21. Nd2 g5 22. Nf3 (
22. fxg5 Bxg5 23. Bxg5 Rxg5 24. Rxg5 Qxg5 25. Nf3 Qf4 $15) 22... gxf4 23. Nxh4
(23. Rxg7 Qxg7 24. Nxh4 (24. Bxf4 Bxf2 25. Bg5 Ng8 {/\Nxd4-+}) 24... fxe3 25.
fxe3 f4 $5 (25... Rg8 $36) 26. exf4 Qh6 27. Nf3 Qxf4 $15 {><d4}) 23... fxe3 24.
fxe3 Rf8 25. Qd2 f4 $1 26. Rag1 (26. exf4 Rxg2 27. Nxg2 Nf5 $15) 26... Rxg2 27.
Rxg2 Qf7 28. Rf2 Ng6 29. Bh5 (29. Nxg6+ Qxg6 30. Bd3 (30. exf4 $2 Qe4+ 31. Bf3
Qxf4 $19) 30... Qg4 31. Rxf4 Rxf4 32. exf4 Qf3+ 33. Kg1 Nxd4 $17) 29... Qe7 $1
30. Ng2 (30. Nxg6+ hxg6 31. Bxg6 Qg5 32. Qd3 f3 $17) 30... fxe3 31. Qxe3 Rxf2
32. Qxf2 Qf8 $1 33. Qg1 $8 Nf4 $138 34. Qf2 Ng6 35. Qg1 Qf5 36. Be2 (36. Bxg6
hxg6 {/\Qe4-+ _|_}) 36... Nf4 $19 {_|_} 37. Bf3 Nxg2 38. Bxg2 Qf4 39. Qe1 Nxd4
40. Bh3 Qf3+ 41. Bg2 Qe2 42. Qxe2 Nxe2 43. Bh3 Nf4 0-1

[Event "Brno-A"]
[Site "Brno"]
[Date "1994.??.??"]
[Round "9"]
[White "Blatny, Pavel"]
[Black "Bischoff, Klaus"]
[Result "1-0"]
[WhiteElo "2485"]
[BlackElo "2525"]
[Annotator "Blatny,P"]
[PlyCount "91"]
[EventDate "1994.08.??"]
[EventType "tourn"]
[EventRounds "9"]
[EventCountry "CZE"]
[EventCategory "13"]
[SourceTitle "CBM 043"]
[Source "ChessBase"]
[SourceDate "1994.12.01"]
[SourceVersion "1"]
[SourceVersionDate "1994.12.01"]
[SourceQuality "1"]

1. e4 Nf6 2. e5 Nd5 3. d4 d6 4. Nf3 Bg4 5. Be2 e6 6. O-O Be7 7. c4 Nb6 8. Nc3
O-O 9. Be3 a6 (9... a5 10. h3 (10. exd6 cxd6 11. c5 $5 (11. b3 d5 12. c5 Nc8
13. Ne5 Bxe2 14. Qxe2 Nc6 15. f4 N8a7 16. Rad1 Nxe5 17. fxe5 f6 18. exf6 Rxf6
$10 {Fedorowicz-Yermolinsky/USA-ch/1993/}) 11... dxc5 12. dxc5 N6d7 13. Ne4 Na6
14. Rc1 f5 {Nijboer-Oll/Groningen PCA-qual/1993/} 15. Nd6 $1 Ndxc5 16. Rxc5
Bxd6 17. Rb5 Qc7 18. h3 Bh5 (18... Bxf3 $6 19. Bxf3 $16) 19. Qb3 $14) 10... Bh5
11. exd6 cxd6 12. Qb3 N8d7 13. Rac1 Bg6 14. Rfd1 Nc8 15. c5 $16 {Haba,P-Tagnon/
Toulouse op/1990/}) 10. exd6 cxd6 11. Qb3 $5 $146 (11. b3 d5 12. h3 Bh5 13. Ne5
(13. c5 Nc8 14. b4 Nc6 15. Rb1 Bf6 16. a4 Bxf3 17. Bxf3 N8e7 18. b5 axb5 19.
axb5 Na5 $10 {Smyslov-Shabalov/Tilburg/1993/}) 13... Bxe2 14. Qxe2 Nc6 15. Rfd1
Bf6 16. cxd5 Nxd5 17. Nxd5 Qxd5 $10 {Anand-Yusupov (7)/Wijk aan Zee m/1994/})
11... N8d7 12. a4 Bxf3 (12... Qc7 13. a5 Nc8 14. Rfc1 $14) 13. Bxf3 Qc7 14.
Rfc1 $1 Nxc4 {[#]} (14... Qxc4 15. Qa3 $1 Qc7 (15... Qd3 $2 16. Nd5 (16. Be4
Qc4 17. Nb1 $18) 16... Qxa3 17. Nxe7+ Kh8 18. Rxa3 Rae8 (18... Rfe8 19. a5 $18)
19. a5 Na8 20. Bf4 e5 $8 21. Bg5 $1 (21. dxe5 dxe5 22. Bd2 $18 {_|_}) 21... f6
$140 22. Ng6+ $1 hxg6 23. Bd5 {/\Rh3#}) 16. Nd5 Qd8 17. Nxe7+ Qxe7 18. Bxb7 $16
{^^,><a6,<->c}) (14... Rac8 $142 15. c5 $1 dxc5 16. a5 cxd4 (16... Na8 17. Qxb7
$16 {^^,><a6}) 17. Bxd4 (17. axb6 $6 Qe5 $8 18. Bxd4 Qxd4 19. Rd1 Nc5 $1) 17...
Nc4 18. Qxb7 $14) 15. Nd5 $1 exd5 16. Bxd5 Ndb6 $8 17. Bxc4 Nxc4 18. Rxc4 $14 {
><b7,<->c _|_} Qd7 19. Rac1 $6 (19. d5 $1 Rac8 $140 20. Rb4) 19... Rac8 $1 20.
d5 (20. Rb4 Rxc1+ 21. Bxc1 Rc8 22. Be3 Rc7 23. d5 Bf6 $10) 20... Rfe8 21. h3 (
21. Qc2 $5 Rxc4 22. Qxc4 {<->c}) 21... h6 22. Kh2 Rxc4 (22... Bf6 $142) 23.
Rxc4 (23. Qxc4 Bf6 24. b3 Bb2 25. Rc2 Be5+ $10) 23... Bg5 $6 (23... Bf6) 24.
Bxg5 hxg5 25. Rb4 (25. Qc2 $1 Qe7 (25... Re7 $2 26. Rc8+ Re8 27. Rc7 Re2 $8 28.
Rxd7 Rxc2 29. Rxb7 Rxf2 30. b4 $1 (30. Rb6 a5 31. Rxd6 Rxb2 32. Rd8+ Kh7 33.
Ra8) 30... Rd2 31. Rb6 $16 {_|_}) 26. g3 Qe2 27. Kg2 $1 Qxc2 28. Rxc2 Re5 29.
Rc8+ Kh7 30. Rc7 $16 {_|_}) 25... Re7 $14 26. Rb6 Qc7 27. Qb4 Rd7 28. a5 g6 29.
Qd2 Qd8 $1 (29... f6 $2 30. Rb3 {/\Rg3 ׻}) 30. Rb3 Qf6 $1 31. g3 (31. Rg3 Qe5
32. Qxg5 Qxg5 $5 (32... Qxb2) 33. Rxg5 Rc7 $1 34. b4 Rc2 {/\Rb2-d2=}) 31... Re7
32. Kg2 Qf5 33. Rb4 $1 Rc7 (33... Qe5 $142 34. Rc4 $14 (34. Rg4 $5 f6 35. Rc4))
34. Qd4 Qb1 $2 $138 (34... Rc5 35. Rxb7 Qxd5+ 36. Qxd5 Rxd5 37. b4 Rd4 $16 {_|_
}) 35. Rb6 $1 Rd7 (35... Rc1 $142 36. Rxd6 (36. Rxb7 Rg1+ 37. Kf3 Qf5+ 38. Ke3
Re1+ 39. Kd2 Re8 $1 {/\Qf3<=> עd2} (39... Qe5 $2 40. Qxe5 Rxe5 41. b4 $1 Rxd5+
42. Ke3 Re5+ 43. Kd4 Re2 44. Rb6 $18 {_|_})) 36... Rg1+ 37. Kf3 Qf5+ 38. Ke3
Re1+ 39. Kd2 Re8 40. Rf6 Qxh3 (40... Qb1 $5) 41. d6 Qf1 42. d7 $1 Qe2+ (42...
Re2+ 43. Kc3 $18) 43. Kc3 Qe1+ 44. Kb3 Rd8 45. Qd5 $1 Qe7 46. Rxg6+ $18 {_|_})
36. Qb4 $18 {_|_} Kg7 37. Rxb7 Rxb7 38. Qxb7 Qe4+ 39. Kg1 $4 $138 (39. Kh2 $18)
39... Qe1+ 40. Kg2 Qe4+ $4 (40... Qxa5 41. Qc6 (41. b4 Qb5 $10) 41... Qb4 $1
42. Qxa6 Qe4+ 43. Kg1 Qb1+ $1 44. Kg2 Qe4+ $10) 41. Kh2 $18 Qf5 42. Qb6 Qxd5
43. Qxa6 Qd2 44. Qb6 d5 45. a6 d4 46. Kg2 (46. Kg2 Qd3 (46... d3 47. a7) 47.
Qb7 $18) 1-0

[Event "Bern op"]
[Site "Bern"]
[Date "1992.??.??"]
[Round "5"]
[White "Malisauskas, Vidmantas"]
[Black "Fioramonti, Hung"]
[Result "1-0"]
[WhiteElo "2490"]
[BlackElo "2305"]
[Annotator "Blatny,P"]
[PlyCount "49"]
[EventDate "1992.02.??"]
[EventType "swiss"]
[EventRounds "9"]
[EventCountry "SUI"]
[SourceTitle "CBM 028"]
[Source "ChessBase"]
[SourceDate "1992.06.01"]
[SourceVersion "1"]
[SourceVersionDate "1992.06.01"]
[SourceQuality "1"]

1. e4 {Ernst} Nf6 2. e5 Nd5 3. d4 d6 4. Nf3 Bg4 5. Be2 Nc6 6. O-O dxe5 7. Nxe5
Bxe2 (7... Nxe5 $142 8. dxe5 Bf5 9. c4 Nb6 10. Nc3 e6 11. Be3 Be7 12. Qxd8+
Bxd8 (12... Rxd8 $2 13. Nb5) 13. g4 $6 (13. Rfd1 {/\Rd2,Rad1 +/=/=}) 13... Bg6
14. f4 f5 15. exf6 Bxf6 16. Nb5 O-O-O $1 17. Rad1 (17. Nxa7+ Kb8 18. Nb5 Bxb2
$15) 17... Bxb2 $15 18. f5 $2 exf5 19. gxf5 Rxd1 20. Rxd1 Bxf5 21. c5 Na4 {
-/+/-+ Korenev-Panchenko, USSR 1991}) 8. Qxe2 Qd6 {N} (8... Nxd4 $6 9. Qc4 c5
10. Be3 a6 11. Nc3 e6 12. Bxd4 Nb6 (12... cxd4 13. Qa4+ $1 Ke7 (13... b5 14.
Nxb5 $1 $18) 14. Qxd4 $18 {עe7}) 13. Qb3 cxd4 14. Na4 $1 Nxa4 15. Qxb7 $1 Qd5
$8 16. Qxf7+ Kd8 17. Rfe1 Nc5 18. Rad1 Kc8 19. c3 $18 d3 20. b4 d2 21. Re2 Nd7
22. Nf3 $1 {/\23.Rexd2 1:0 Thorsteins-Hansen,Cu Reykjavik 1985}) 9. Nxc6 Qxc6
10. c4 Qa6 $6 11. Re1 $16 {ץf8,Rh8} Nf6 12. Nc3 e6 13. Nb5 $1 O-O-O $8 14. Bf4
Rd7 15. b4 $1 Ne8 (15... c6 16. Qe5 $18) (15... Bxb4 16. Reb1 Be7 (16... Bd6
17. Bxd6 cxd6 18. Rb3 {/\Ra3+-}) 17. Rb3 {/\Rab1,Qf3,Nxa7!} h6 (17... c6 $2 18.
Qe5) 18. Rab1 g5 19. Bg3 h5 20. Qf3 c6 (20... g4 21. Nxa7+ $1 Qxa7 22. Qxb7+
Qxb7 23. Rxb7 $18) 21. Nxa7+ $1 Qxa7 22. Qxc6+ $3 Kd8 $8 23. Rxb7 Rxb7 24. Rxb7
$18) 16. Rab1 Nd6 17. Bxd6 Bxd6 18. Rb3 $1 $18 c6 (18... Kb8 19. Ra3 Qc6 20.
Nxa7 Qb6 21. c5 Qxb4 22. Nc6+ $1 bxc6 23. Rb3 $18) 19. Ra3 Qb6 20. Nxd6+ Rxd6
21. c5 Qxb4 22. Rb3 Qxd4 23. cxd6 Qxd6 24. Reb1 b5 25. a4 1-0

[Event "Interzonal-16"]
[Site "Biel"]
[Date "1993.??.??"]
[Round "9"]
[White "Spasov, Vasil"]
[Black "Ehlvest, Jaan"]
[Result "1/2-1/2"]
[WhiteElo "2540"]
[BlackElo "2620"]
[Annotator "Blatny,P"]
[PlyCount "81"]
[EventDate "1993.07.16"]
[EventType "swiss"]
[EventRounds "13"]
[EventCountry "SUI"]
[SourceTitle "CBM 037"]
[Source "ChessBase"]
[SourceDate "1993.12.01"]
[SourceVersion "1"]
[SourceVersionDate "1993.12.01"]
[SourceQuality "1"]

1. e4 Nf6 2. e5 Nd5 3. d4 d6 4. Nf3 Bg4 5. Be2 e6 6. O-O Be7 7. c4 Nb6 8. Nc3
O-O 9. Be3 a6 $5 (9... d5) 10. b3 d5 11. c5 N6d7 12. Nd2 $5 (12. b4 Nc6 13. a3
f6 $132) 12... Bf5 $1 (12... Bxe2 13. Nxe2 $1 Nc6 14. f4 f5 15. g4 $1 g6 16.
Ng3 $14) 13. f4 f6 (13... Nxc5 $2 14. g4 $1 (14. dxc5 d4 $15) 14... Ne4 15.
Ncxe4 Bxe4 16. Nxe4 dxe4 17. Qc2 $16) 14. Nf3 (14. g4 Bg6 15. f5 Bf7 16. Nxd5
$2 fxe5 $1 $17) 14... fxe5 15. fxe5 Nc6 16. Bd3 b6 $1 $10 17. cxb6 Nxb6 18. Ne2
Bxd3 19. Qxd3 Nb4 20. Qd2 a5 21. Nf4 Qd7 22. Nd3 Nxd3 23. Qxd3 a4 24. Rac1 axb3
25. axb3 Ra3 26. Bg5 $1 (26. Ng5 Rxf1+ 27. Rxf1 Bxg5 28. Bxg5 Ra8 {/\ h6, Rf8=/
+}) 26... Nc8 $2 (26... Bb4 27. Bd2 Be7 28. Bg5 $10) 27. Bxe7 Qxe7 (27... Nxe7
28. Ng5 Ng6 29. Qh3 $1 Rxf1+ 30. Rxf1 Nf8 31. Qc3 $14) 28. Rc6 $1 Na7 29. Rc2
$2 (29. Ra6 $14 {><c7, e6}) 29... Rb8 $13 30. Rc3 c6 31. h3 Rf8 32. Rcc1 Rf4 $6
(32... Rb8 $10) 33. Ra1 Nb5 34. Rfc1 $1 $14 Rxa1 35. Rxa1 g6 $2 {><f6} (35...
h6 $14) 36. Qe3 Rf8 37. Rc1 Rc8 38. Rc5 $14 Qa7 39. Kh2 Qa1 40. Qf4 Qa7 41. Qc1
(41. Qc1 Qd7 42. h4 {/\ h5+/=}) 1/2-1/2

[Event "Bugojno"]
[Site "Bugojno"]
[Date "1978.03.04"]
[Round "6"]
[White "Byrne, Robert Eugene"]
[Black "Vukic, Milan"]
[Result "1/2-1/2"]
[WhiteElo "2550"]
[BlackElo "2480"]
[Annotator "Bulletin"]
[PlyCount "80"]
[EventDate "1978.02.27"]
[EventType "tourn"]
[EventRounds "15"]
[EventCountry "YUG"]
[EventCategory "14"]
[SourceTitle "MCL"]
[Source "ChessBase"]
[SourceDate "1999.07.01"]
[SourceVersion "1"]
[SourceVersionDate "1999.07.01"]
[SourceQuality "1"]

1. e4 Nf6 2. e5 Nd5 3. d4 d6 4. Nf3 Bg4 5. Be2 e6 6. h3 (6. O-O Be7 7. c4 Nb6
8. Nc3 O-O 9. Be3 d5 $5 10. c5 Bxf3 11. gxf3 $1 Nc8 12. f4 $1 (12. b4 $5 f6 (
12... a6 13. f4 Qd7 14. Bd3 Bd8 15. a4 c6 16. Ne2 f5 17. Kh1 $16 {
Matanovic-Vukic, YUG-ch 1978}) 13. f4 fxe5 14. fxe5 Qe8 15. Bd3 Bd8 16. Qg4 $18
{Matanovic-Vukic, YUG-ch 1975}) 12... a5 13. f5 $1 Bg5 14. f4 Bh6 15. fxe6 fxe6
16. Bg4 $16 {Shamkovich-Vukic, New York 1976}) 6... Bh5 7. O-O Be7 8. c4 Nb6 9.
Be3 (9. exd6 cxd6 10. Nbd2 Nc6 11. b3 d5 12. c5 Nd7 13. Bb2 O-O 14. Bc3 $1 b6
15. b4 bxc5 16. bxc5 Qc7 17. Qa4 Bg6 18. Nb3 e5 $6 $16 {Kapengut-Ivanov, USSR
1976} (18... a6 19. Na5 Ndb8 $14)) 9... O-O 10. Nc3 d5 (10... N8d7 11. exd6
cxd6 12. b3 Rc8 13. Rc1 Nf6 14. g4 Bg6 15. Nh4 d5 $10 {Adorjan-Corden,
Birmingham 1974}) 11. c5 (11. cxd5 exd5 12. Bd3 Nc6 13. g4 Bg6 14. Bf5 Qe8 15.
Ne2 f6 $10 {Gulko-Bagirov, USSR-ch 1977}) 11... Bxf3 12. gxf3 Nc8 13. f4 f5 $1
$10 (13... g6 $2 14. f5 $1 {Levitina-Alexandria, m 1975}) (13... Bh4 14. Bd3 g6
15. Qg4 Kh8 {Diesen-Waganian, Hastings 1974-5}) 14. b4 b6 15. a3 c6 16. Kh2 Rf7
17. Na4 Bf8 18. Rc1 (18. b5 $5) 18... Rb7 19. Bd2 $1 $14 g6 20. Bd3 Kh8 21. Qf3
b5 22. Nb2 Na6 23. Be2 Rab8 24. Nd3 Rg7 25. Rg1 Be7 26. Ne1 Rb7 27. Qg2 Nc7 28.
Nf3 Bh4 29. Nxh4 Qxh4 30. Qg3 Qxg3+ 31. fxg3 Rf7 32. g4 Ne7 33. Rg3 Rb8 34. g5
Rg7 35. h4 Kg8 36. h5 Kf7 37. Rh3 a6 38. Kg2 Rf8 39. Ra1 Ke8 40. a4 Kd7 1/2-1/2

[Event "USA-ch"]
[Site "Greenville"]
[Date "1983.??.??"]
[Round "10"]
[White "De Firmian, Nick E"]
[Black "Alburt, Lev O"]
[Result "1-0"]
[WhiteElo "2475"]
[BlackElo "2560"]
[Annotator "Bulletin"]
[PlyCount "153"]
[EventDate "1983.07.??"]
[EventType "tourn"]
[EventRounds "13"]
[EventCountry "USA"]
[EventCategory "10"]
[SourceTitle "MCL"]
[Source "ChessBase"]
[SourceDate "1999.07.01"]
[SourceVersion "1"]
[SourceVersionDate "1999.07.01"]
[SourceQuality "1"]

1. e4 Nf6 2. e5 Nd5 3. d4 d6 4. Nf3 Bg4 5. Be2 e6 6. O-O a6 7. c4 Nb6 8. exd6 (
8. Bg5 Be7 9. Bxe7 Qxe7 10. exd6 cxd6 11. Qb3) 8... cxd6 9. Nbd2 Nc6 10. b3 d5
11. Bb2 Be7 12. a3 dxc4 13. bxc4 O-O 14. Rc1 Qc7 15. Qb3 Rfd8 16. Qe3 $1 Rd7
17. Rfd1 Qd8 $6 (17... Rad8 18. Ne4) 18. h3 Bh5 19. Ba1 Bg6 20. Ne4 $1 Bxa3 (
20... Bxe4 21. Qxe4 Bxa3 22. Rb1) 21. Nf6+ $1 Qxf6 22. Qxa3 Qe7 23. Qc3 Qb4 24.
Qe3 Rad8 25. Ne5 Nxe5 26. Qxe5 Qf8 27. h4 $1 h5 (27... h6 28. h5 Bh7 29. Rc3 {
/\30.Rg3}) 28. Qa5 $1 (28. Bxh5 $2 Nxc4 $1 29. Rxc4 Rd5) 28... Nc8 29. Bxh5
Bxh5 30. Qxh5 Ne7 31. Qg4 $1 b5 32. d5 $1 exd5 33. cxb5 axb5 34. Bd4 $1 f6 (
34... f5 35. Qg5) 35. Bb6 $1 f5 36. Qe2 Qf6 37. Bxd8 Rxd8 38. Rc7 Ng6 39. Qxb5
Nxh4 40. Rd7 $1 Rxd7 41. Qxd7 Kh7 42. Qxd5 Ng6 43. g3 Ne7 44. Qh1+ Kg6 45. Qf3
Ng8 46. Kg2 Nh6 47. Qd5 Qb2 48. Rd2 Qa1 49. Qe6+ Kh7 50. Rd8 Qa3 51. Qc8 Kg6
52. Rh8 Qd6 53. Qe8+ Nf7 54. Rh4 Kf6 55. Ra4 Qd5+ 56. Kh2 Kg6 57. Ra6+ Kh7 58.
Qc6 $1 Qxc6 59. Rxc6 Ne5 60. Re6 Ng4+ 61. Kg2 Kg8 62. f3 Kf7 63. Ra6 Nf6 64.
Kf2 g5 65. Ke3 Nh5 66. Ra7+ Kg6 67. Ra6+ Kf7 68. f4 $1 (68. g4 $4 fxg4 69. fxg4
Nf6 $10) 68... gxf4+ 69. gxf4 Kg7 70. Rb6 $1 Kh7 (70... Kf7 71. Rh6 Nf6 72. Kd4
) 71. Rb1 Kg6 72. Rh1 Nf6 73. Kd4 Nd7 74. Kd5 Nf6+ 75. Ke5 Nd7+ 76. Ke6 Nf8+
77. Ke7 1-0

[Event "URS-ch46 First League"]
[Site "Ashkhabad"]
[Date "1978.??.??"]
[Round "3"]
[White "Razuvaev, Yuri S"]
[Black "Alburt, Lev O"]
[Result "1/2-1/2"]
[WhiteElo "2460"]
[BlackElo "2510"]
[Annotator "Bulletin"]
[PlyCount "85"]
[EventDate "1978.10.??"]
[EventType "tourn"]
[EventRounds "17"]
[EventCountry "URS"]
[EventCategory "10"]
[SourceTitle "MCL"]
[Source "ChessBase"]
[SourceDate "1999.07.01"]
[SourceVersion "1"]
[SourceVersionDate "1999.07.01"]
[SourceQuality "1"]

1. e4 Nf6 2. e5 Nd5 3. d4 d6 4. Nf3 Bg4 5. Be2 e6 6. O-O Be7 7. h3 Bh5 8. c4
Nb6 9. Nc3 O-O 10. Be3 d5 11. c5 Bxf3 12. gxf3 Nc8 13. f4 (13. b4 f5 (13... f6
14. f4 fxe5 15. fxe5 Qe8 $14) (13... b6 14. Rb1 f5 15. f4 Rf7 16. Kh1 $14) (
13... Nc6 14. b5 Na5 15. Qa4 b6 16. c6 $14) 14. f4 Kh8 15. Bd3 g5 16. Qh5 $16)
13... Nc6 14. b4 Bh4 15. Rb1 N8e7 16. Bd3 g6 17. Qg4 Nf5 18. Bxf5 exf5 19. Qf3
Ne7 20. b5 Qd7 21. a4 Rfd8 22. Kh2 b6 23. a5 Qe6 24. axb6 $1 axb6 25. c6 Ra3
26. Bc1 Ra5 27. Bd2 Rda8 28. Ne2 Ra3 29. Rb3 Ra1 30. Rxa1 Rxa1 31. Bc1 h6 32.
Ra3 Rxa3 33. Bxa3 Nc8 34. Nc3 Na7 35. Bb4 Kg7 36. Kg2 g5 37. fxg5 $2 (37. Qh5
$1 {P a3- c1}) 37... Bxg5 38. h4 Bxh4 39. Nxd5 Nxb5 40. Nf4 Qc4 41. Qh5 Qxb4
42. Qxh4 Qxd4 43. Qf6+ 1/2-1/2

[Event "USA-ch"]
[Site "Greenville"]
[Date "1983.??.??"]
[Round "8"]
[White "Tarjan, James Edward"]
[Black "Alburt, Lev O"]
[Result "0-1"]
[WhiteElo "2535"]
[BlackElo "2560"]
[Annotator "Bulletin"]
[PlyCount "112"]
[EventDate "1983.07.??"]
[EventType "tourn"]
[EventRounds "13"]
[EventCountry "USA"]
[EventCategory "10"]
[SourceTitle "MCL"]
[Source "ChessBase"]
[SourceDate "1999.07.01"]
[SourceVersion "1"]
[SourceVersionDate "1999.07.01"]
[SourceQuality "1"]

1. e4 Nf6 2. e5 Nd5 3. d4 d6 4. Nf3 Bg4 5. Be2 e6 6. h3 Bh5 7. c4 Nb6 8. exd6
cxd6 9. Qb3 $5 Bxf3 (9... Be7 $4 10. Qb5+) (9... Nc6 10. Be3 Be7 11. Nbd2 O-O
12. a4) 10. Bxf3 Nc6 11. Be3 Be7 12. c5 $6 (12. d5 Ne5 13. Be2 exd5 14. cxd5
O-O 15. O-O) 12... dxc5 13. dxc5 Nd5 14. Qxb7 Qc8 $1 15. Qxc8+ Rxc8 16. Nd2 $6
(16. Bxd5 exd5 17. O-O d4 18. Bf4 Bxc5 19. Re1+ Kd7 20. Nc3 $5) 16... Nxe3 17.
fxe3 Bxc5 18. Ke2 Ke7 19. Nc4 Rc7 20. Rac1 Rhc8 21. a3 $6 (21. Bxc6 Rxc6 22. b3
) 21... Nb8 22. Ne5 Bb6 23. Nd3 Nd7 24. Rxc7 Rxc7 25. Rd1 g6 26. Kd2 $2 (26. b4
) 26... Kd6 27. Rf1 h5 28. b4 h4 29. a4 $2 (29. Rd1 f5) 29... a5 $1 30. b5 f5
31. Bc6 Nb8 32. Ba8 g5 33. Rc1 (33. e4 fxe4 34. Bxe4 Rc4) 33... Rxc1 34. Nxc1
Nd7 35. Nd3 Bc5 $1 36. Bf3 Nb6 37. Bd1 (37. Nxc5 Kxc5 38. Bd1 e5 39. Bc2 e4)
37... Nc4+ 38. Ke2 Bb6 $1 39. e4 fxe4 40. Nf2 Ke5 $1 41. Bb3 (41. Nxe4 Kf4)
41... Nb2 42. Bc2 Kf4 $1 43. Nd1 (43. Nxe4 Nxa4 $1 44. Nxg5 Kxg5 45. Bxa4 Kf4
46. Bc2 e5 47. Kd3 e4+ 48. Ke2 e3 49. Kd3 Ke5 50. Bd1 Bc5 51. Kc4 Kd6 52. Kd3
Kc7 $1 53. Kc4 Kb6 54. Be2 a4 55. Kc3 a3 56. Kb3 Kb7 57. Bd3 Kc7 58. Be2 Kd6
59. Bf3 Ke5 60. b6 Kf4 61. b7 Bd6 62. b8=Q Bxb8 63. Kxa3 Kg3 64. Kb3 Kf2 $19)
43... Nd3 44. Nc3 Nb4 45. Bb1 e3 46. Kf1 Ke5 47. Ne4 Bd8 48. Nc5 Nd5 49. Bc2
Nf4 $1 50. Nd3+ Kd4 51. Nxf4 gxf4 52. b6 (52. Ke2 Kc4) 52... Kc3 $1 (52... Bxb6
$2 53. Bg6) 53. b7 Bc7 54. Bg6 f3 $1 (54... Kd2) 55. Bh5 e2+ 56. Ke1 Bg3# 0-1